000 01241cam a22003374i 4500
003 PE-LiUPU
005 20250731184104.0
008 150623s r 000 0 d
035 _a(Sirsi) a28053
040 _aPE-LiUPU
_bspa
_cPE-LiUPU
_erda
082 0 4 _a808.8d
_bD27
_221
110 2 _aMerriam-Webster
245 1 4 _aThe Merriam -Webster Dictionary of Quotations /
_cMerriam-Webster.
264 1 _aSpringfield, Massachusetts :
_bMerriam-Webster,
_c1992.
300 _a501 páginas ;
_c17 cm.
336 _atext
_2rdacontent
337 _aunmediated
_2rdamedia
338 _avolume
_2rdacarrier
505 0 _aThe Merriam-Webster Dictionary of Quotations.
526 _aP145
526 _aP127
526 _aP97
526 _aP14
526 _aP07
650 0 4 _aCitas literarias
_xInglés
_vDiccionarios.
942 _2ddc
_cBOOK
949 _a808.8d D27
_wDEWEY
_c1
_i53298
_lCCODEBUL1
_mBUL
_p5.00
_r0
_sY
_tBOOK
_u2015-06-24
_xTEOLOGIA
_PP35
_0COMPRA
_o.STAFF. Colección General
596 _a1
999 _a808.8D D27
_wDEWEY
_c35259
_i53298
_f2021-11-12
_g5
_lCCODEBUL1
_mBUL
_p5.00
_r0
_sY
_tBOOK
_u2015-6-24
_xTEOLOGIA
_PP35
_0COMPRA
_o.STAFF. Colección General
_d35259
980 _81
_gALBERTO SANCHEZ Responsable de Automatización